Capitales de provincia de España de Sur a Norte - Estadísticas

Estadísticas generales
  • Esta prueba ha sido intentada 103 veces
  • La puntuación promedio es 33 de 52
Estadísticas de respuestas
Latitud Respuesta % Correcto
36,84 Almería
97%
36,52 Cádiz
97%
37,26 Huelva
97%
36,72 Málaga
97%
37,39 Sevilla
97%
35,89 Ceuta
95%
37,18 Granada
95%
37,77 Jaén
95%
28,10 Las Palmas de Gran Canaria
95%
35,29 Melilla
95%
37,98 Murcia
95%
28,46 Santa Cruz de Tenerife
95%
37,88 Córdoba
93%
38,35 Alicante
92%
38,99 Ciudad Real
90%
38,88 Badajoz
88%
39,47 Cáceres
88%
39,48 Valencia
88%
39,00 Albacete
87%
39,86 Toledo
80%
39,57 Palma
77%
40,08 Cuenca
73%
39,99 Castellón de la Plana
72%
40,41 Madrid
72%
40,63 Guadalajara
68%
40,66 Ávila
63%
40,95 Segovia
63%
40,97 Salamanca
62%
40,34 Teruel
62%
41,12 Tarragona
55%
41,50 Zamora
55%
43,46 Santander
52%
41,65 Valladolid
48%
41,38 Barcelona
45%
43,36 Oviedo
43%
41,66 Zaragoza
43%
41,76 Soria
42%
41,62 Lleida
40%
43,01 Lugo
40%
43,32 San Sebastián / Donostia
40%
43,26 Bilbao
38%
43,37 A Coruña
37%
41,98 Girona
30%
42,60 León
30%
42,01 Palencia
30%
42,85 Vitoria-Gasteiz
28%
42,34 Burgos
27%
42,14 Huesca
27%
42,34 Ourense
25%
42,47 Logroño
23%
42,43 Pontevedra
23%
42,81 Pamplona
22%
No se encontraron pruebas coincidentes
Distribución de puntuación
Porcentaje de gente con cada puntuación
Porcentaje por número respondido
Historial de tus puntuaciones
No has intentado esta prueba.